| 000 | 02203nam0a2200421 4500 | ||
|---|---|---|---|
| 001 | RU\NLR\bibl\883069 | ||
| 005 | 20260405063731.0 | ||
| 010 |
_a5-8112-1493-6 _bв обл. _95000 |
||
| 021 |
_aRU _b2005-52090 _92539 |
||
| 035 | _a(nilc)RSL-KNO-002693045 | ||
| 035 | _a(NLR Aleph) 000871623 | ||
| 090 |
_a1603117 _c1603117 |
||
| 100 | _a20050811d2005 |||y0rusy50 ca | ||
| 101 | 0 | _arus | |
| 102 | _aRU | ||
| 105 | _ay ||||||||| | ||
| 106 | _ar | ||
| 200 | 1 |
_aПрофилактика алкогольной и наркотической зависимости у подростков в школе _eпрактическое пособие _fТ.А. Шилова |
|
| 205 | _a2-е изд. | ||
| 210 |
_aМосква _cАйрис-пресс _cАйрис-Дидактика _d2005 _gГУП Чехов. полигр. комб. |
||
| 215 |
_a92, [1] с. _d20 |
||
| 225 | 1 | _aБиблиотека психолога образования | |
| 320 | _aБиблиогр.: с. 90-91 | ||
| 606 | 1 |
_aАлкоголизм подростков _jПрактические пособия _xПрофилактика _92115341 _3RU\NLR\auth\661277972 |
|
| 606 | 1 |
_aНаркомания подростков _jПрактические пособия _xПрофилактика _92115350 _3RU\NLR\auth\661277979 |
|
| 610 | 0 | _aКультура. Наука. Просвещение -- Народное образование. Педагогические науки -- Общеобразовательная школа. Школьная педагогика -- Школьная педагогика -- Российская Федерация -- Воспитание -- Виды воспитания -- Физическое воспитание -- Гигиеническое воспитание | |
| 686 |
_aЧ421,6(2)354.1,0 _2rubbk |
||
| 686 | _aЮ967я7 | ||
| 686 | _aС550.8я7 | ||
| 686 | _aС550.325.2я7 | ||
| 686 | _aЧ421.354 | ||
| 700 | 1 |
_4070 _8rus _7ca _aШилова _bТ. А. _gТамара Алексеевна _3RU\NLR\auth\7722133 _95193 |
|
| 801 | 0 |
_aRU _bRuMoRKP _c20050811 _grcr |
|
| 801 | 1 |
_aRU _bRuMoRGB _c20050811 |
|
| 801 | 2 |
_aRU _bNLR _c20051203 _grcr |
|
| 942 | _cBOOK | ||
| 980 | _aNB | ||